000 01587nam a22003017a 4500
001 6608
003 FISKH
005 20250714102226.0
008 250513b cb ||||| |||| 00| 0 eng d
020 _a9780547210759
040 _aFISKH
_beng
_cFISKH
_dFISKH
050 _aPZ7.M5688 L
082 _a578
100 _aMeyer, Flaschner Emily
245 _aMartha speaks :
_bLeader of the pack /
_cAdaptation by Emily Flaschner Meyer ; Based on the TV series teleplay written by Ken Scarborough ; Based on the characters created by Susan Meddaugh
250 _aThis edition first published in 2010
260 _aNew York :
_bHoughton Mifflin,
_c2010
300 _a23 pages :
_bcolor illustrations ;
_c21 cm
505 _aN
520 _aJuvenile Fiction. HTML:After being excluded from Helen's family-tree school project because she isn't a human family member, Martha decides to get in touch with her own roots. What better way to do that than to live in the wild like her wolf ancestors? Martha succeeds in convincing the neighborhood dogs to join her pack, but getting them to stay is a different story. How can sleeping on the cold, hard ground and hunting squirrels compete with comfy armchairs and gourmet dog food dinners? If her dog pack deserts her, will Martha's best friend Helen welcome her back to the family? Includes fun vocabulary-building activities.
521 8 _a540
_bLexile
521 8 _aN
_bRaz-plus
650 _2Dogs
_aBehavior
650 _2Fiction
_aSort 2010
700 _aMeddaugh, Susan
_dillustrator
942 _2ddc
_cBK
_n0
999 _c6608
_d6608